| 000 | 01647nam a22002177a 4500 | ||
|---|---|---|---|
| 008 | 241106b |||||||| |||| 00| 0 eng d | ||
| 020 | _a9781844885398 | ||
| 040 | _ctbs | ||
| 041 | _aeng | ||
| 050 |
_aPR6113.O7485 _bY68 2022 |
||
| 100 |
_aMoriarty, Sinéad _924309 _eauthor |
||
| 245 |
_aYours, mine, ours _c/ Sinéad Moriarty |
||
| 260 | _aLondon : Penguin Books, 2023. | ||
| 300 | _a389 pages ; 24 cm. | ||
| 520 | _aWhat's a few more branches on the family tree? Things are finally looking up for Anna. Seventeen miserable years of marriage to man-child Connor have left her drained and ready for a new start. So when they separate, she couldn't be more thrilled to move in with James, a handsome lecturer who is everything her ex-husband is not: kind, thoughtful, and above all, reliable. But Anna and James's kids hate living with the loved-up couple and the new set-up. Their teenage daughters - one a studious high achiever and the other a cool rich girl unbothered by grades or exams - have nothing in common. And Anna's wild football-mad nine-year-old son declares war on bookish James. Nobody said step-parenting was easy; Anna and James are about to find out exactly how complicated it can be. With exes, new partners-of-exes and money all in the mix, home life is fast becoming a minefield and their new-found happiness hangs in the balance. Do they have what it takes to make their blended family work? | ||
| 650 | 0 |
_aDivorced people _vFiction _924310 |
|
| 650 | 0 |
_aMan-woman relationships _vFiction _911134 |
|
| 650 | 0 |
_aStepfamilies _vFiction _924311 |
|
| 650 | 0 |
_aInterpersonal conflict _vFiction _924312 |
|
| 942 | _2lcc | ||
| 999 |
_c4401 _d4401 |
||